sports ou non -mort subite - Statistiques

Statistiques générales
  • Ce quiz a été pris 1 086 fois
  • Le résultat moyen est 4 sur 18
Answers on the Grid
Answers color-coded by a green-red scale on the quiz's grid according to % correct below.
alpinisme
tir
handball
gouren
tchoukball
saut en profondeur
plongeon synchronisé
course synchronisée
tai chi
kowondo
coasteering
canne de combat
lutte fonso
chessboxing
hockey sous glace
formule e
formule v
senchi
hapkido
trampoline
lancer du marteau
headball
squash
skeleton
terrathlon
boule
aero modelisme
courte paume
polo anglais
quidditch
 
Statistiques - réponses
Réponse % Correct
handball
52%
alpinisme
44%
squash
42%
lancer du marteau
39%
trampoline
33%
formule e
24%
plongeon synchronisé
24%
skeleton
21%
quidditch
20%
chessboxing
14%
tchoukball
12%
hockey sous glace
11%
boule
7%
canne de combat
4%
hapkido
3%
gouren
2%
aero modelisme
1%
coasteering
0%
Aucun quiz correspondant
Distribution des résultats
% des personnes avec chaque résultat
Percentile par nombre de réponses
Votre historique - résultats
Vous n’avez pas pris ce quiz